Find the name of the map ! - Statistics

General Stats
  • This quiz has been taken 38 times
  • The average score is 8 of 15
Answer Stats
Picture Answer % Correct
Mirage
91%
Vertigo
88%
Ancient
84%
Dust 2
81%
Inferno
78%
Train
78%
Office
75%
Cobblestone
53%
Nuke
47%
Overpass
44%
Cache
38%
Agency
19%
Canals
13%
Tuscan
9%
Cascade
6%
No matching quizzes found
Score Distribution
Percent of People with Each Score
Percentile by Number Answered
Your Score History
You have not taken this quiz